<?xml version="1.0" encoding="UTF-8"?>
<record
    xmlns:xsi="http://www.w3.org/2001/XMLSchema-instance"
    xsi:schemaLocation="http://www.loc.gov/MARC21/slim http://www.loc.gov/standards/marcxml/schema/MARC21slim.xsd"
    xmlns="http://www.loc.gov/MARC21/slim">

  <leader>00329nam a2200121Ia 4500</leader>
  <controlfield tag="008">191201s2015    xx            000 0 und d</controlfield>
  <datafield tag="100" ind1=" " ind2=" ">
    <subfield code="a">HALFEND, Lewis</subfield>
  </datafield>
  <datafield tag="245" ind1=" " ind2="0">
    <subfield code="a">World War Two: Under the Shadow of the Swastika  </subfield>
  </datafield>
  <datafield tag="260" ind1=" " ind2=" ">
    <subfield code="b">Kalyani  Navyug Media Pvt Ltd</subfield>
    <subfield code="c">2015</subfield>
  </datafield>
  <datafield tag="300" ind1=" " ind2=" ">
    <subfield code="a">173</subfield>
  </datafield>
  <datafield tag="650" ind1=" " ind2=" ">
    <subfield code="a">General Books</subfield>
  </datafield>
  <datafield tag="942" ind1=" " ind2=" ">
    <subfield code="2">ddc</subfield>
    <subfield code="c">BK</subfield>
  </datafield>
  <datafield tag="999" ind1=" " ind2=" ">
    <subfield code="c">6791</subfield>
    <subfield code="d">6791</subfield>
  </datafield>
  <datafield tag="952" ind1=" " ind2=" ">
    <subfield code="0">0</subfield>
    <subfield code="1">0</subfield>
    <subfield code="2">ddc</subfield>
    <subfield code="4">0</subfield>
    <subfield code="7">0</subfield>
    <subfield code="8">GENERAL</subfield>
    <subfield code="a">PIET</subfield>
    <subfield code="b">PIET</subfield>
    <subfield code="d">2020-07-21</subfield>
    <subfield code="e">Kalyani Nav yug Media Pvt Ltd.</subfield>
    <subfield code="g">499.00</subfield>
    <subfield code="k">271</subfield>
    <subfield code="l">2</subfield>
    <subfield code="o">940.53 HAW</subfield>
    <subfield code="p">30332</subfield>
    <subfield code="r">2025-04-17 00:00:00</subfield>
    <subfield code="s">2025-04-04</subfield>
    <subfield code="v">274.45</subfield>
    <subfield code="w">2018-08-31</subfield>
    <subfield code="y">BK</subfield>
    <subfield code="z">Stories and Novels</subfield>
  </datafield>
</record>
